Statystyki dla Quiz o Krymie

Kliknij tutaj aby rozwiązać quiz!

Ogólne statystyki

  • Ten quiz został rozwiązany 11 razy
  • Średni wynik to 5 z 15

Statystyki odpowiedzi

PytanieOdpowiedź% Poprawnych
Morze z którym graniczy KrymCzarne
90%
Państwo które zaanektowało Krym w 2014 rokuRosja
90%
Język używany na KrymieRosyjski
90%
Jest to obwód jakiego państwa?Ukraina
90%
Morze z którym graniczy Krym od wschoduAzowskie
50%
Most pomiędzy Krymem a powyższym państwem. Został zniszczony w 2022 rokuKrymski
50%
Największe miastoSewastopol
50%
Góry które rozciągają się na południowej części KrymuKrymskie
10%
StolicaSymferopol
10%
Z jakiego miasta prowadzi najdłuższa linia trolejbusowa na świecie na Krymie?Symferopol
10%
Powierzchnia (w tysiącach)27
0%
Do jakiego miasta prowadzi najdłuższa linia trolejbusowa na świecie na Krymie?Jałta
0%
Imperium które posiadało Krym w około 1240 rokuMongolskie
0%
Najwyższy szczyt powyższych górRoman Kosz
0%
Najdłuższa rzekaSałhyr
0%

Rozkład punktacji

Percentyl według liczby udzielonych odpowiedzi

Procent ludzi z każdym wynikiem

Twoja historia wyników

Nie rozwiązałeś tego quizu